Transfery Fulham w letnim okienku transferowym 2020/21. - Statystyki

Ogólne statystyki
  • Ten quiz został rozwiązany 17 razy
    13 od ostatniego zresetowania
  • Średni wynik to 4 z 8
Statystyki odpowiedzi
Cena Pozycja Poprzedni klub Piłkarz % Poprawnych
Wypożyczenie Bramkarz PSG Areola
92%
Wypożyczenie Prawy obrońca Torino Aina
69%
Wypożyczenie Środkowy pomocnik Chelsea Loftus-Cheek
69%
3,20 mln Prawy obrońca Lyon Tete
69%
2,10 mln Lewy obrońca Wigan Robinson
38%
11,70 mln Prawy skrzydłowy Brighton Knockaert
31%
6,50 mln Defensywy pomocnik Southampton Reed
31%
Wypożyczenie Środkowy pomocnik Southampton Lemina
23%
Nie znaleziono quizów pasujących do podanych kryteriów
Rozkład punktacji
Procent ludzi z każdym wynikiem
Percentyl według liczby udzielonych odpowiedzi
Twoja historia wyników
Nie rozwiązałeś tego quizu od ostatniego zresetowania